A building turns on its access (Record no. 72873)
[ view plain ]
| 000 -LEADER | |
|---|---|
| fixed length control field | 01120cam a2200217 4500 |
| 001 - CONTROL NUMBER | |
| control field | ABS66767 |
| 008 - FIXED-LENGTH DATA ELEMENTS--GENERAL INFORMATION | |
| fixed length control field | 030618n2003 000 0 eng u |
| 035 ## - SYSTEM CONTROL NUMBER | |
| System control number | (Sirsi) u122640 |
| 100 ## - MAIN ENTRY--PERSONAL NAME | |
| Personal name | Dryden, R. |
| 245 #2 - TITLE STATEMENT | |
| Title | A building turns on its access |
| 260 ## - PUBLICATION, DISTRIBUTION, ETC. | |
| Date of publication, distribution, etc. | 2003 |
| 490 ## - SERIES STATEMENT | |
| Series statement | Estates Gazette |
| Volume/sequential designation | (0323) 7 June 2003, 127(1) |
| 520 ## - SUMMARY, ETC. | |
| Summary, etc. | Examines issue that commercial buildings and landlords must employ creative solutions by 2004 if they are to avoid costly alterations under the Disability Discrimination Act 1995. Commercial property owners have been slow to comply and risk being forced to pay penalties. Concludes that the cost of alterations is small compared with these penalties. |
| 590 ## - LOCAL NOTE (RLIN) | |
| Local note | ABS |
| 650 ## - SUBJECT ADDED ENTRY--TOPICAL TERM | |
| Topical term or geographic name entry element | DISABILITY DISCRIMINATION ACT 1995 |
| 650 ## - SUBJECT ADDED ENTRY--TOPICAL TERM | |
| Topical term or geographic name entry element | MANAGEMENT-BUSINESS MANAGEMENT-DISCRIMINATION-DISABILITY DISCRIMINATION-ACCESSIBILITY |
| 650 ## - SUBJECT ADDED ENTRY--TOPICAL TERM | |
| Topical term or geographic name entry element | PROPERTY-COMMERCIAL PROPERTY-COMMERCIAL PROPERTY MANAGEMENT |
| 650 ## - SUBJECT ADDED ENTRY--TOPICAL TERM | |
| Topical term or geographic name entry element | MANAGEMENT-BUSINESS MANAGEMENT-DISCRIMINATION-DISABILITY DISCRIMINATION-ACCESSIBILITY-ACCESS AUDITS |
| 690 ## - LOCAL SUBJECT ADDED ENTRY--TOPICAL TERM (OCLC, RLIN) | |
| Topical term or geographic name as entry element | BUILT ENVIRONMENT-CONSTRUCTION DESIGN |
| 942 ## - ADDED ENTRY ELEMENTS (KOHA) | |
| Suppress in OPAC | 0 |
| Withdrawn status | Lost status | Source of classification or shelving scheme | Damaged status | Not for loan | Home library | Current library | Shelving location | Date acquired | Total Checkouts | Full call number | Barcode | Date last seen | Copy number | Price effective from | Koha item type |
|---|---|---|---|---|---|---|---|---|---|---|---|---|---|---|---|
| Dewey Decimal Classification | London | London | Journal article | 18/06/2003 | ABS66767 | 122640-1001 | 06/08/2019 | 1 | 06/08/2019 | Journal article |